Normal view
MARC view
Entry Topical Term
001 - CONTROL NUMBER
- control field: 44994
003 - CONTROL NUMBER IDENTIFIER
- control field: ARRUPE
005 - DATE AND TIME OF LATEST TRANSACTION
- control field: 20190306090202.0
008 - FIXED-LENGTH DATA ELEMENTS
- fixed length control field: 190306|| aca||aabn | a|a d
040 ## - CATALOGING SOURCE
- Original cataloging agency: ARRUPE
- Transcribing agency: ARRUPE
150 ## - HEADING--TOPICAL TERM
- Topical term or geographic name as entry element: BUSINESS & ECONOMICS / Business Communication / General.
670 ## - SOURCE DATA FOUND
- Source citation: Work cat.: (ARRUPE)0: Schein, Edgar H. 44991, Humble inquiry :, 2013